• 首页
  • 本馆介绍
  • 公告通知
  • 最新文献
  • 馆藏检索
  • 电子资源
  • 读者导购
  • 参考咨询
  • 我的图书馆
  • 登录
  • 详细信息显示
  • 放入我的书架
  • 预约/预借图书
  • 作者相关作品
  • 分类相关作品
  • 丛书相关作品
  • 出版社相关作品

书目信息

  • 表格格式
  • 工作单格式
  • 卡片格式
题名:
黑白美术800例
    
 
作者: 单晓报 绘
分册:  
出版信息: 上海   海科学技术文献出版社  1991
页数: 198页
开本: 19cm
丛书名:
单 册:
中图分类: J522 , J521
科图分类:
主题词: 黑白画--图案--美术
电子资源:
ISBN: 7-80513-804-4
000 00585nam0 2200217 450
001 1554955134
005 20150131151650.96
010    @a7-80513-804-4@dCNY4.50
100    @a20070606d1991 em y0chiy0120 ea
101 0  @achi
102    @aCN@b310000
105    @aa z 000yy
200 1  @a黑白美术800例@9hei bai mei shu 800 li@f单晓报绘
210    @a上海@c海科学技术文献出版社@d1991
215    @a198页@c图@d19cm
606 0  @a黑白画@x图案@x美术
690    @aJ522@v5
690    @aJ521@v4
701  0 @a单晓报@9shan xiao bao@4绘
801  0 @aCN@bTSSF@c20150131
905    @aZUCC@dJ521@eJY5
    
    黑白美术800例/单晓报绘.-上海:海科学技术文献出版社,1991
    198页:图;19cm
    
    
    ISBN 7-80513-804-4:CNY4.50
    
●
相关链接 在E读中查询图书 在五车中查询图书 在当当中查询图书 在豆瓣中查询图书


正题名:黑白美术800例     索取号:J521/JY5         预约/预借

序号 登录号 条形码 馆藏地/架位号 状态 备注
1 7861669   278616696   学院路分馆/ [索取号:J521/JY5] 在馆    
2 7861670   278616703   学院路分馆/ [索取号:J521/JY5] 在馆    
3 7861703   278617034   学院路分馆/ [索取号:J521/JY5] 在馆    
唐山师范学院图书馆 欢迎您!
大连网信软件有限公司© 版权所有